| 000 | 00689nam a22001817a 4500 | ||
|---|---|---|---|
| 008 | 110907t xxu||||| |||| 00| 0 ara d | ||
| 020 | _a9772472457 | ||
| 082 |
_222 _a001.44 _bن و ي |
||
| 100 |
_927046 _aنويه ، عثمان |
||
| 245 |
_aالسلام وجائزة السلام / _cعثمان نويه |
||
| 260 |
_aالإسكندرية : _bدار المعارف ، 1978 _c1978 |
||
| 300 |
_a61 ص ؛ _c16 سم |
||
| 490 |
_927045 _a ؛كتابك _n39 |
||
| 650 |
_927047 _aجائزة نوبل |
||
| 653 | _bGeneral | ||
| 942 |
_2ddc _cBB |
||
| 999 |
_c15970 _d15970 |
||